[Event "EU-ch U14"]
[Site "Bratislava"]
[Date "2019.08.09"]
[Round "8"]
[White "Olde, Karl Erik"]
[Black "Indriunas, Matas"]
[Result "0-1"]
[WhiteElo "1689"]
[BlackElo "2026"]
[PlyCount "161"]
[EventDate "2019.08.02"]
[EventType "swiss"]
[EventRounds "9"]
[EventCountry "SVK"]
[SourceTitle "EXT 2020"]
[Source "ChessBase"]
[SourceDate "2019.10.17"]
[SourceVersion "1"]
[SourceVersionDate "2019.10.17"]
[SourceQuality "1"]

1. d4 g6 2. c4 Bg7 3. Nf3 d6 4. g3 Nd7 5. Bg2 e5 6. e4 Ne7 7. Nc3 0-0 8. 0-0 h6 9. Be3 exd4 10. Bxd4 Nc6 11. Bxg7 Kxg7 12. Nd5 Nc5 13. Qc2 Ne5 14. Nxe5 dxe5 15. Rad1 c6 16. Ne3 Qb6 17. Qc3 f6 18. b4 Ne6 19. c5 Qc7 20. Rd2 Nd4 21. Nc2 Nb5 22. Qe3 Qe7 23. Rfd1 a5 24. Bf1 Nc7 25. Bc4 axb4 26. Nxb4 Ra5 27. Nd3 Ne6 28. Bxe6 Bxe6 29. Rb2 Rfa8 30. Rdb1 R8a7 31. Nc1 Rxc5 32. Nb3 Bxb3 33. axb3 Rca5 34. Rd2 b5 35. Rc1 Ra1 36. Rdc2 Rxc1+ 37. Rxc1 Rc7 38. Rc5 Qd6 39. Qc1 g5 40. b4 Kf7 41. Qc2 Ke7 42. Rc3 Qxb4 43. Rxc6 Rxc6 44. Qxc6 Qc4 45. Qb6 b4 46. Qb7+ Ke6 47. Qb6+ Kf7 48. Qb7+ Kg6 49. Qd7 b3 50. Qf5+ Kg7 51. Qd7+ Qf7 52. Qb5 Qe6 53. Qb7+ Kg6 54. Qb5 g4 55. Kf1 f5 56. exf5+ Kxf5 57. Ke2 Kf6 58. Kd2 Qf5 59. Qb6+ Kg5 60. Qe3+ Kh5 61. Qxb3 Qxf2+ 62. Kc1 Qg1+ 63. Kb2 Qxh2+ 64. Ka3 Qf2 65. Qd5 Qxg3+ 66. Kb4 Qf4+ 67. Kb5 g3 68. Kc6 Kg4 69. Qe6+ Kf3 70. Qb3+ Kg2 71. Qc2+ Qf2 72. Qg6 Qf4 73. Qc2+ Kh3 74. Qg6 g2 75. Qh5+ Kg3 76. Qg6+ Qg4 77. Qb1 Kh2 78. Qe1 g1Q 79. Qxe5+ Q1g3 80. Qf6 Q3f3+ 81. Kc7 0-1

[Event "EU-ch U14"]
[Site "Bratislava"]
[Date "2019.08.06"]
[Round "5"]
[White "Olde, Karl Erik"]
[Black "Czernek, Tymon"]
[Result "1/2-1/2"]
[WhiteElo "1689"]
[BlackElo "2121"]
[PlyCount "89"]
[EventDate "2019.08.02"]
[EventType "swiss"]
[EventRounds "9"]
[EventCountry "SVK"]
[SourceTitle "EXT 2020"]
[Source "ChessBase"]
[SourceDate "2019.10.17"]
[SourceVersion "1"]
[SourceVersionDate "2019.10.17"]
[SourceQuality "1"]

1. d4 Nf6 2. c4 c5 3. d5 b5 4. cxb5 a6 5. e3 g6 6. Nc3 Bg7 7. Nf3 0-0 8. Bd3 d6 9. 0-0 axb5 10. Bxb5 Ba6 11. Bxa6 Nxa6 12. Rb1 Qb6 13. e4 Nd7 14. Bg5 Rfe8 15. Bf4 Nc7 16. Re1 Nb5 17. Nxb5 Qxb5 18. a3 Ra4 19. g3 h6 20. h4 Rb8 21. Qc1 Qd3 22. Re3 Qa6 23. e5 Nb6 24. exd6 exd6 25. Re1 Qd3 26. Re3 Qxd5 27. Qe1 Qc6 28. b4 Nd5 29. b5 Qa8 30. Re4 Nxf4 31. Rxa4 Qxa4 32. Qe7 Ne6 33. b6 Qc2 34. Re1 Qb3 35. Rxe6 Qxb6 36. Re4 d5 37. Rf4 Rf8 38. Ne5 Qd8 39. Nc6 Qb6 40. Qd6 Qb1+ 41. Kh2 c4 42. Qxd5 Qd3 43. Ne7+ Kh7 44. Rxc4 Qxa3 45. Nc6 1/2-1/2

[Event "EU-ch U14"]
[Site "Bratislava"]
[Date "2019.08.05"]
[Round "4"]
[White "Grzesik, Gracjan"]
[Black "Olde, Karl Erik"]
[Result "1-0"]
[WhiteElo "2004"]
[BlackElo "1689"]
[PlyCount "81"]
[EventDate "2019.08.02"]
[EventType "swiss"]
[EventRounds "9"]
[EventCountry "SVK"]
[SourceTitle "EXT 2020"]
[Source "ChessBase"]
[SourceDate "2019.10.17"]
[SourceVersion "1"]
[SourceVersionDate "2019.10.17"]
[SourceQuality "1"]

1. c4 Nf6 2. Nc3 e6 3. e4 Nc6 4. Nf3 d5 5. cxd5 exd5 6. e5 Ne4 7. Bb5 Bc5 8. d4 Bb4 9. Qb3 0-0 10. Bxc6 Bxc3+ 11. bxc3 bxc6 12. 0-0 Ba6 13. Re1 Rb8 14. Qc2 f6 15. Ba3 Re8 16. exf6 Qxf6 17. Ne5 Rbd8 18. f3 Ng5 19. Re3 Re6 20. Qa4 Bb5 21. Qxa7 Qf4 22. Rae1 Rde8 23. Qxc7 Rh6 24. Ng4 Rxe3 25. Nxh6+ gxh6 26. Qxf4 Rxe1+ 27. Kf2 Re8 28. h4 Nf7 29. Qf6 Re2+ 30. Kg1 Re3 31. Bb4 Re1+ 32. Kh2 Bf1 33. g4 Re3 34. Qf4 Re8 35. a4 Nd8 36. Qxh6 Ne6 37. Qf6 Bd3 38. h5 Bc4 39. h6 Bd3 40. f4 c5 41. Bxc5 1-0

[Event "EU-ch U14"]
[Site "Bratislava"]
[Date "2019.08.03"]
[Round "2"]
[White "Pozzari, Simone"]
[Black "Olde, Karl Erik"]
[Result "1-0"]
[WhiteElo "2127"]
[BlackElo "1689"]
[PlyCount "67"]
[EventDate "2019.08.02"]
[EventType "swiss"]
[EventRounds "9"]
[EventCountry "SVK"]
[SourceTitle "EXT 2020"]
[Source "ChessBase"]
[SourceDate "2019.10.17"]
[SourceVersion "1"]
[SourceVersionDate "2019.10.17"]
[SourceQuality "1"]

1. d4 d5 2. Bf4 e6 3. e3 Nf6 4. Nf3 Bd6 5. Bg3 0-0 6. Nbd2 b6 7. Bd3 Bb7 8. c3 c5 9. Ne5 Qc7 10. f4 Nbd7 11. Qf3 c4 12. Bc2 b5 13. a3 a5 14. Bh4 Be7 15. Nxd7 Qxd7 16. Bxf6 Bxf6 17. h4 Qe7 18. Ke2 b4 19. g4 bxc3 20. bxc3 g6 21. Rh2 Bc6 22. g5 Bh8 23. h5 Ra7 24. Rah1 Be8 25. Qg4 Qd6 26. Nf3 Qb6 27. Nh4 Qb2 28. Kf3 Qxc3 29. hxg6 Bxd4 30. gxf7+ Raxf7 31. Qxe6 Bd7 32. Bxh7+ Kg7 33. Qh6+ Kh8 34. Ng6# 1-0

[Event "Douglas IoM op-C"]
[Site "Douglas"]
[Date "2018.10.23"]
[Round "2"]
[White "Kirkwood, Robin"]
[Black "Olde, Karl Erik"]
[Result "0-1"]
[WhiteElo "1633"]
[BlackElo "1469"]
[PlyCount "46"]
[EventDate "2018.10.22"]
[EventType "swiss"]
[EventRounds "7"]
[EventCountry "IOM"]
[SourceTitle "CBM 187 Extra"]
[Source "ChessBase"]
[SourceDate "2018.11.04"]
[SourceVersion "1"]
[SourceVersionDate "2018.11.04"]
[SourceQuality "1"]

1. Nf3 c5 2. c4 Nc6 3. g3 Nf6 4. Bg2 g6 5. b3 Bg7 6. Bb2 0-0 7. 0-0 d5 8. cxd5 Nxd5 9. Bxg7 Kxg7 10. Nc3 Nxc3 11. dxc3 Bf5 12. Nh4 Bg4 13. Qc2 Qc7 14. h3 Bd7 15. e4 b5 16. Rfe1 Rac8 17. Qb2 c4 18. Nf3 Ne5 19. Nxe5 Qxe5 20. Rad1 Be6 21. b4 Rfd8 22. Rd2 Rd3 23. f4 Qxc3 0-1

[Event "Douglas IoM op-C"]
[Site "Douglas"]
[Date "2018.10.22"]
[Round "1"]
[White "Olde, Karl Erik"]
[Black "Norman, Dinah M"]
[Result "1/2-1/2"]
[WhiteElo "1469"]
[BlackElo "1681"]
[PlyCount "72"]
[EventDate "2018.10.22"]
[EventType "swiss"]
[EventRounds "7"]
[EventCountry "IOM"]
[SourceTitle "CBM 187 Extra"]
[Source "ChessBase"]
[SourceDate "2018.11.04"]
[SourceVersion "1"]
[SourceVersionDate "2018.11.04"]
[SourceQuality "1"]

1. d4 d5 2. c4 e6 3. e3 Nf6 4. Nc3 c6 5. Nf3 Nbd7 6. Be2 dxc4 7. Bxc4 b5 8. Be2 a6 9. a3 c5 10. dxc5 Bxc5 11. b4 Be7 12. Bb2 Bb7 13. 0-0 0-0 14. Rc1 Nb6 15. Nd4 Rc8 16. Bf3 Nbd5 17. Nxd5 Nxd5 18. Qd2 Qd7 19. Rfd1 Rxc1 20. Qxc1 Rc8 21. Qa1 Qe8 22. Nb3 Qf8 23. Bd4 Ba8 24. Nc5 Bxc5 25. Bxc5 Qe8 26. Bd4 Qf8 27. Rc1 Rxc1+ 28. Qxc1 Nf6 29. Bxa8 Qxa8 30. Qb2 Ne8 31. Qc3 f6 32. g3 Kf7 33. Bb6 Qd5 34. Qc8 Qd1+ 35. Kg2 Qd5+ 36. Kg1 Qd1+ 1/2-1/2

[Event "EST-ch U16"]
[Site "Tallinn"]
[Date "2016.05.20"]
[Round "3"]
[White "Olde, Karl Erik"]
[Black "Rychagov, Nikita1111"]
[Result "1/2-1/2"]
[WhiteElo "1263"]
[BlackElo "1343"]
[PlyCount "97"]
[EventDate "2016.05.19"]
[EventType "swiss"]
[EventRounds "7"]
[EventCountry "EST"]
[SourceTitle "EXT 2018"]
[Source "ChessBase"]
[SourceDate "2017.10.13"]
[SourceVersion "1"]
[SourceVersionDate "2017.10.13"]
[SourceQuality "1"]

1. c4 e6 2. Nc3 d5 3. cxd5 exd5 4. d4 Nf6 5. g3 Bd6 6. Bg2 c6 7. Nf3 Bf5 8. Bg5 Nbd7 9. Rc1 h6 10. Bxf6 Nxf6 11. 0-0 0-0 12. a3 Qe7 13. Re1 Qc7 14. Nb5 Qd7 15. Nxd6 Qxd6 16. b4 a6 17. Qb3 Rfc8 18. a4 b5 19. a5 Ra7 20. Ne5 Ng4 21. Nxg4 Bxg4 22. Bxd5 Qxd5 23. Qxd5 cxd5 24. Rxc8+ Bxc8 25. Rc1 Be6 26. Rc6 Kf8 27. e3 Ke7 28. Kf1 g5 29. f4 Kd7 30. Rb6 f6 31. f5 Bxf5 32. Rxf6 Bd3+ 33. Kf2 Ke8 34. Rxh6 Rf7+ 35. Ke1 Rf1+ 36. Kd2 Bc4 37. Rxa6 Rf2+ 38. Kc3 Re2 39. Re6+ Kd7 40. Re5 g4 41. a6 Ra2 42. Rg5 Rxa6 43. Rxg4 Ra3+ 44. Kd2 Rd3+ 45. Kc2 Rxe3 46. h4 Re2+ 47. Kc3 Re8 48. Kc2 Re2+ 49. Kc3 1/2-1/2

[Event "EST-ch U16"]
[Site "Tallinn"]
[Date "2016.05.19"]
[Round "2"]
[White "Uibokant, Karl Oskar"]
[Black "Olde, Karl Erik"]
[Result "1/2-1/2"]
[WhiteElo "1452"]
[BlackElo "1263"]
[PlyCount "90"]
[EventDate "2016.05.19"]
[EventType "swiss"]
[EventRounds "7"]
[EventCountry "EST"]
[SourceTitle "EXT 2018"]
[Source "ChessBase"]
[SourceDate "2017.10.13"]
[SourceVersion "1"]
[SourceVersionDate "2017.10.13"]
[SourceQuality "1"]

1. e4 c5 2. Nf3 Nc6 3. d4 cxd4 4. Nxd4 g6 5. Nc3 Bg7 6. Nb3 Nf6 7. Be2 0-0 8. 0-0 d6 9. f4 e6 10. Kh1 d5 11. f5 dxe4 12. fxg6 hxg6 13. Bg5 b6 14. Qxd8 Rxd8 15. Bxf6 Bxf6 16. Rxf6 Bb7 17. Rff1 Nd4 18. Nxd4 Rxd4 19. Rad1 e5 20. Nb5 Rb4 21. b3 Ba6 22. Nc7 Bxe2 23. Nxa8 Bxf1 24. Rxf1 Rd4 25. Nc7 Rd2 26. Kg1 Rxc2 27. Re1 Rxc7 28. Rxe4 Rc2 29. a4 Rb2 30. Rxe5 Rxb3 31. a5 b5 32. Re7 Ra3 33. Rxa7 b4 34. Rb7 b3 35. a6 Rxa6 36. Rxb3 Ra5 37. h4 Ra4 38. g3 Ra2 39. Rf3 Kg7 40. Rf2 Rxf2 41. Kxf2 f5 42. Kf3 Kf6 43. Kf4 Kf7 44. h5 gxh5 45. Kxf5 h4 1/2-1/2